Censo de la población de España de el año 1797 (Record no. 43245)

MARC details
000 -LEADER
campo de control de longitud fija 00694nam a2200205 i 4500
001 - NÚMERO DE CONTROL
campo de control 43245
003 - IDENTIFICADOR DE NÚMERO DE CONTROL
campo de control ES-MaACL
005 - FECHA Y HORA DE LA ÚLTIMA TRANSACCIÓN
campo de control 20250603171454.0
007 - CAMPO FIJO DE DESCRIPCIÓN FÍSICA--INFORMACIÓN GENERAL
campo de control de longitud fija t|
008 - DATOS DE LONGITUD FIJA--INFORMACIÓN GENERAL
campo de control de longitud fija 030317s1801 sp ||||1| spa d
245 00 - MENCIÓN DEL TÍTULO
Título Censo de la población de España de el año 1797
Resto del título : executado de orden del Rey en el de 1801.
260 ## - PUBLICACIÓN, DISTRIBUCIÓN, ETC.
Lugar de publicación, distribución, etc. Madrid :
Nombre del editor, distribuidor, etc. [s.n.],
Fecha de publicación, distribución, etc. 1801.
300 ## - DESCRIPCIÓN FÍSICA
Extensión 3 h. + XLVI ff. [plegados] + 1 h. + 1 lám., al fin ;
Dimensiones 39 cm.
500 ## - NOTA GENERAL
Nota general Port. grab. por Manuel Albuerne.
594 ## - Nota al título y mención de responsabilidad
Nota al título y mención de responsabilidad Tít. de la v. port.: Censo de Godoy 1797.
651 #7 - PUNTO DE ACCESO ADICIONAL DE MATERIA--NOMBRE GEOGRÁFICO
Nombre geográfico España-
Subdivisión general Censos
Fuente del encabezamiento o término
9 (RLIN) 155755
740 0# - ENTRADA AGREGADA--TÍTULO RELACIONADO/ANALÍTICO NO CONTROLADO
Título relacionado o analítico no controlado Censo de Godoy 1797.
852 ## - LOCALIZACIÓN
Ubicación ES-MaACL
Número de control de estantería R-2553
Encuadernación Olim: G-4416
Holdings
Estatus retirado Estado de pérdida Estado de daño No para préstamo Colección Biblioteca de origen Biblioteca actual Ubicación en estantería Fecha de adquisición Fuente de adquisición Total de préstamos Signatura topográfica completa Código de barras Visto por última vez Precio de reemplazo Tipo de ítem Koha
        Libros del s. XIX Biblioteca del Ateneo de Madrid Biblioteca del Ateneo de Madrid Depósito 17/01/2008     R-2553 1045523 23/02/2023 23/02/2023 Libro impreso antiguo